000
00210nam a2200097Ia 4500
008
170619s9999 xx 000 0 und d
100
_a
HUSAIN A
245
0
_a
ELRCTRICAL POWER SYSTEMS
260
_b
CBS
260
_c
2010
546
_a
ENGLISH
999
_c
19284
_d
19284